Statistiques concernant Monarques de fiction

Cliquez ici pour prendre le quiz!

Statistiques générales

  • Ce quiz a été pris 35 fois
  • Le résultat moyen est 18 sur 51

Statistiques - réponses

MonarqueUnivers% Correct
MufasaLe Roi Lion
100%
Padmé AmidalaStar Wars
94%
Elsa d'ArendelleLa Reine des Neiges
88%
AslanNarnia
88%
OdinThor
85%
Harold de Fort Fort LointainShrek
79%
Cersei LannisterGame of Thrones
76%
Prince JeanRobin des Bois
76%
King JulianMadagascar
73%
Sultan d'AgrabahAladdin
70%
Roi LouieLe Livre de la Jungle
70%
Roi-sorcier d'AngmarLe Seigneur des Anneaux
70%
Thorin Ecu-de-ChêneLe Hobbit
61%
T'ChallaBlack Panther
58%
Sa SucrerieLes Mondes de Ralph
52%
Donquichotte DoflamingoOne Piece
52%
Rhoam Bosphoramus HyruleThe Legend of Zelda
52%
Leto AtreidesDune
39%
Daisy de SarasalandMario
39%
King K.RoolDonkey Kong
36%
ZukoAvatar: le dernier maître de l'air
33%
Haut-Roi de BordecielElder Scrolls
30%
ZelephFairy Tail
30%
Roi DadidouKirby
30%
Historia ReissL'Attaque des Titans
30%
Calanthe de CintraThe Witcher
27%
ZenoDragon Ball Super
24%
Maharadjah de RawhajpoutalahTintin
21%
MagnificoWish:Asha et la bonne étoile
21%
Atem/Yami YugiYu-Gi-Oh
21%
Augustus Kira Clover XIIIBlack Clover
18%
MarthFire Emblem
18%
NPokémon
18%
Seigneur des TénèbresTaram et le chaudron magique
18%
Roi-licheWorld of Warcraft
18%
Roi FergusRebelle
15%
Roi Mickey du Royaume de
la Lumière
Kingdom Hearts
12%
Empereur de l'espaceCapitaine Flam
9%
Roi des singes WukongLeague of Legends
9%
Reine BerylSailor Moon
9%
Sheran SharmWakfu
9%
CrominusLEGO LEGENDS of Chima
3%
Boron roi du Grand ArbreLes Gardiens de Ga'Hoole
3%
JadylinaLes Légendaires
3%
Roi MondoPower Rangers
3%
Kashekim NedakhAtlantide, l'Empire perdu
0%
Roi de Fenarinarsa (pays des
rêves du ciel)
Gigi
0%
Sorcier SuprêmeLe Cycle des Magiciens
0%
ReginaOne upon a time
0%
Baltra LionesSeven Deadly Sins
0%
AsgoreUndertale
0%

Distribution des résultats

Percentile par nombre de réponses

% des personnes avec chaque résultat

Votre développement - résultats

Vous n’avez pas pris ce quiz